000 004390000a22001690004500
003 MACL
005 20160804121038.0
008 160804b xxu||||| |||| 00| 0 eng d
040 _aMACL
_cMACL
041 _aEnglish
082 _a823 SKE
100 _aSkeat, Walter
_966142
245 _aFables & Folk-Tales
_bFrom An Eastern Forest
260 _bCambridge University Press
_c1901
650 _aStories
_966143
942 _cBK
_k823/SKE
_2ddc
999 _c38733
_d38733